[Event "GER-ch U15"]
[Site "Bad Bevensen"]
[Date "1994.08.04"]
[Round "7"]
[White "Cziehso, Volker"]
[Black "Luebbers, Reemt"]
[Result "1/2-1/2"]
[WhiteElo "1543"]
[BlackElo "1264"]
[PlyCount "36"]
[EventDate "1994.07.28"]
[EventType "swiss"]
[EventRounds "9"]
[EventCountry "GER"]
[SourceTitle "EXT 2001"]
[Source "ChessBase"]
[SourceDate "2000.11.22"]
[SourceVersion "1"]
[SourceVersionDate "2000.11.22"]
[SourceQuality "1"]

1. e4 d6 2. d4 Nf6 3. Nc3 g6 4. f4 Bg7 5. Bd3 Nc6 6. Nf3 Bg4 7. Be3 Qd7 8. h3 Bxf3 9. Qxf3 Nb4 10. 0-0 0-0 11. Kh1 Rae8 12. e5 dxe5 13. fxe5 Nfd5 14. Nxd5 Nxd5 15. Bc4 Nxe3 16. Qxe3 e6 17. c3 Rc8 18. Rad1 c6 1/2-1/2

[Event "GER-ch U15"]
[Site "Bad Bevensen"]
[Date "1994.08.03"]
[Round "6"]
[White "Nussbaecher, Andreas"]
[Black "Luebbers, Reemt"]
[Result "1/2-1/2"]
[WhiteElo "1678"]
[BlackElo "1264"]
[PlyCount "67"]
[EventDate "1994.07.28"]
[EventType "swiss"]
[EventRounds "9"]
[EventCountry "GER"]
[SourceTitle "EXT 2001"]
[Source "ChessBase"]
[SourceDate "2000.11.22"]
[SourceVersion "1"]
[SourceVersionDate "2000.11.22"]
[SourceQuality "1"]

1. d4 Nf6 2. c4 g6 3. Nc3 Bg7 4. e4 d6 5. f4 c5 6. d5 e6 7. Nf3 0-0 8. Be2 exd5 9. cxd5 Re8 10. Nd2 Ng4 11. Bxg4 Qh4+ 12. g3 Qxg4 13. 0-0 Qxd1 14. Rxd1 Bd7 15. a4 Na6 16. Nc4 Bxc3 17. bxc3 Rxe4 18. Nxd6 Rxa4 19. Bb2 b6 20. c4 Rxa1 21. Rxa1 Nc7 22. Be5 Ne8 23. Nxe8 Bxe8 24. Bc7 b5 25. cxb5 Bxb5 26. d6 c4 27. Rd1 Bd7 28. Ba5 Rb8 29. Bc3 Rb5 30. Ra1 Rb3 31. Bf6 Rb7 32. Bd4 f5 33. Bxa7 c3 34. Be3 1/2-1/2